| 000 | 00550nam a2200193Ia 4500 | ||
|---|---|---|---|
| 005 | 20260429112231.0 | ||
| 008 | 260429s9999||||xx |||||||||||||| ||und|| | ||
| 020 | _a9781265443382 | ||
| 041 | _aEnglish | ||
| 082 |
_a158.723 _bSAN |
||
| 100 | _aSangwan, Neha | ||
| 245 | 0 |
_aPowered by me : _bfrom burned out to fully charged at work and in life / _cNeha Sangwan |
|
| 260 |
_aNew York : _bMc Graw Hill, _c2024. |
||
| 300 | _axii, 363 p.; hb | ||
| 650 | _a Industrial psychology | ||
| 650 | _a Job burnout | ||
| 650 | _aPsychology | ||
| 942 | _cTB | ||
| 999 |
_c53032 _d53032 |
||